00933nam a2200157Ia 450000500170000000800410001702000150005808200270007310000570010024501040015725000310026126000340029230000180032650504110034465000200075520231102150529.0120622s2001 mx r 000 0 spa d a9700728978 4a344.01bB928d v.2 20011 aBuen L., Néstor de (Buen Lozano)eautord1925-201610aDerecho del trabajob : tomo segundo: derecho individual: derecho colectivoc / Néstor de Buen L. a15a. edición actualizada3 aMéxicob : Porrúac, 2001 a931 páginas aDerecho Individual del trabajo La relación individual del trabajo Las condiciones de trabajo El trabajo de las mueres y de los menores Derecho colectivo del trabajo Generalidades El derecho de asociación profesional Teoría del sindicalismo obrero Derecho sindical Contrato colectivo de trabajo Reglamento interior de trabajo La afectación colectiva de las relaciones de trabajo El derecho de huelga14aDERECHO LABORAL